| 000 | 00385nam a22001457a 4500 | ||
|---|---|---|---|
| 003 | OSt | ||
| 005 | 20240416112754.0 | ||
| 008 | 240416b |||||||| |||| 00| 0 eng d | ||
| 040 | _cMRSPTU | ||
| 100 | _aNanak Singh (ਨਾਨਕ ਸਿੰਘ) | ||
| 245 | _aAstak Nastak (ਆਸਤਕ ਨਾਸਤਕ) | ||
| 260 |
_aPunjab _bLok Sahit Publication |
||
| 300 | _a320 | ||
| 942 |
_2ddc _cBK _n0 |
||
| 999 |
_c10046 _d10046 |
||